Dynamic factor demand schedules for labor and capital under rational expectations (Registro nro. 26412)

Detalles MARC
000 -LEADER
fixed length control field 00368 a2200109 4500
001 - CONTROL NUMBER
control field ART_12483
005 - DATE AND TIME OF LATEST TRANSACTION
control field 20260410161906.0
008 - FIXED-LENGTH DATA ELEMENTS--GENERAL INFORMATION
fixed length control field 260409a
100 1# - MAIN ENTRY--PERSONAL NAME
Personal name Meese, Richard
245 10 - TITLE STATEMENT
Title Dynamic factor demand schedules for labor and capital under rational expectations
773 0# - HOST ITEM ENTRY
Title Journal of econometrics
Related parts - Vol. 14, Nº 1 (sep. 1980)
Record control number REV11720

No hay ítems disponibles.